000 00642nam a22001457a 4500
020 _a978-1-107106-59-5
082 _a823
_bMOS/B
100 _aMOSS, OLIVIA
245 _aBUTTERFLY MEADOW
_bFLUTTERY, FRIENDLY FUN
260 _aUK
_bSCHOLASTIC CHILDREN'S BOOKS
_c2008
300 _a55
520 _aIn Butterfly Meadow, colorful butterflies dance through the air, glowworms inch through the grass, and bumblebees buzz around every flower. It's a place where friendships and adventures take flight! Dazzle is a brand-new butterfly, fresh out of her cocoon. She doesn't know how to fly, and she's all alone
650 _aSHORT STORY
942 _cBK
999 _c6140
_d6140